| 000 | 00545nam a22002057a 4500 | ||
|---|---|---|---|
| 005 | 20221126113548.0 | ||
| 008 | 190821b xxu||||| |||| 00| 0 eng d | ||
| 020 |
_a9788173323539 _cRs.575.00 |
||
| 040 | _aLoreto College | ||
| 041 | _aBengali | ||
| 082 |
_a954.14 _bMUK |
||
| 100 | _aMukhopadhyay,Saktisadhan | ||
| 245 |
_aRenaisanser aloy Banga darshan _cSaktisadhan Mukhopadhyay |
||
| 260 |
_aKolkata _bPunascha _c2019 |
||
| 300 |
_a400p _b22cm |
||
| 504 | _aIncludes index | ||
| 650 | _aBengal-History | ||
| 850 | _aLCLIB | ||
| 942 | _cBK | ||
| 999 |
_c42379 _d92858 |
||